Matemática III: álgebra

Uloženo v:
Podrobná bibliografie
Hlavní autoři: Johnson, Richard E (Autor), Lendsey, Lona Lee (Autor), Slesnick, William E (Autor)
Médium: Kniha
Jazyk:španělština
Vydáno: Bogotá Fondo Educativo Interamericano 1972
Edice:Matemática Moderna
Témata:
Tagy: Přidat tag
Žádné tagy, Buďte první, kdo vytvoří štítek k tomuto záznamu!

MARC

LEADER 00000nam a2200000 a 4500
001 UCQ8986
003 CL-VaPUC
008 981217e19720000CK |||||||||||||||||spa|d
082 0 4 |a 512  |b JOH  |2 21 
100 |a Johnson, Richard E  |e author  |9 423354 
700 0 |a Lendsey, Lona Lee  |e author  |9 423355 
700 0 |a Slesnick, William E  |e author  |9 423356 
245 1 0 |a Matemática III: álgebra 
300 |a 612 p 
942 |c BK 
945 |d 19981217 00:00:00  |a crobeson 
260 |a Bogotá  |b Fondo Educativo Interamericano  |c 1972 
650 0 |a Álgebra  |9 259567 
650 0 |a Teoría de números  |9 265327 
650 0 |a Ecuaciones  |9 260137 
650 7 |a INECUACIONES  |2 CL-VaPUC  |9 359706 
650 0 |a Polinomios  |9 270626 
650 7 |a ECUACIONES CUADRATICAS  |2 CL-VaPUC  |9 423357 
650 0 |a Ecuaciones lineales   |9 342219 
583 |a last modification  |c 19981217 00:00:00  |k Rodrigo Vera 
490 0 |a Matemática Moderna 
999 |c 278148  |d 278146 
952 |0 0  |1 0  |4 0  |6 512_000000000000000_JOH_1972  |7 0  |8 A  |9 316535  |a BIBMAT  |b BIBMAT  |d 2019-11-20  |i 1310771  |o 512 JOH 1972  |p 1310771  |r 2025-01-07  |w 2019-11-20  |y BK  |k MAT 
952 |0 0  |1 0  |4 0  |6 512_000000000000000_JOH_1972  |7 0  |8 A  |9 316536  |a BIBMAT  |b BIBMAT  |d 2019-11-20  |i 131078K  |o 512 JOH 1972  |p 131078K  |r 2025-01-07  |w 2019-11-20  |y BK  |k MAT